000 00608nam a2200193Ia 4500
999 _c14793
_d14793
003 OSt
005 20201117145833.0
008 190216s9999||||xx |||||||||||||| ||und||
020 _a9788131733431
040 _coclc
082 _a428.2
_bQUI/A
100 _aQuirk, Randolph
_96649
245 2 _aA Comprehensive Grammar Of The English Language /
_cRandolph Quirk ; Sidney Greenbaum ; Geoffrey Leech ; Jan Svartvik
250 _a1ST
260 _bPearson Education Asia,
_c2010.
_aNew delhi;
300 _a1779p
650 _aEnglish
942 _cBK
_2ddc
_h428.2
_iQUI/A
_k428.2
_mQUI/A